<?xml version="1.0" encoding="UTF-8"?>
<record
    xmlns:xsi="http://www.w3.org/2001/XMLSchema-instance"
    xsi:schemaLocation="http://www.loc.gov/MARC21/slim http://www.loc.gov/standards/marcxml/schema/MARC21slim.xsd"
    xmlns="http://www.loc.gov/MARC21/slim">

  <leader>00434nam a22001457a 4500</leader>
  <controlfield tag="008">220131b        |||||||| |||| 00| 0 eng d</controlfield>
  <datafield tag="020" ind1=" " ind2=" ">
    <subfield code="a">1461358985</subfield>
  </datafield>
  <datafield tag="050" ind1=" " ind2=" ">
    <subfield code="a">TS1995</subfield>
    <subfield code="b">.H33 1995 </subfield>
  </datafield>
  <datafield tag="245" ind1=" " ind2=" ">
    <subfield code="a">HACCP in Meat, Poultry and Fish Processing </subfield>
    <subfield code="c">Edited by A.M. Pearson </subfield>
  </datafield>
  <datafield tag="260" ind1=" " ind2=" ">
    <subfield code="a">UK</subfield>
    <subfield code="b">Springer</subfield>
    <subfield code="c">1995</subfield>
  </datafield>
  <datafield tag="300" ind1=" " ind2=" ">
    <subfield code="a">xv, 393p.</subfield>
  </datafield>
  <datafield tag="650" ind1=" " ind2=" ">
    <subfield code="a">Meat industry &amp; trade</subfield>
    <subfield code="v">Poultry</subfield>
    <subfield code="x">processing</subfield>
  </datafield>
  <datafield tag="650" ind1=" " ind2=" ">
    <subfield code="a">Fishery processing</subfield>
  </datafield>
  <datafield tag="942" ind1=" " ind2=" ">
    <subfield code="2">lcc</subfield>
    <subfield code="c">BK</subfield>
  </datafield>
  <datafield tag="999" ind1=" " ind2=" ">
    <subfield code="c">19174</subfield>
    <subfield code="d">19173</subfield>
  </datafield>
  <datafield tag="952" ind1=" " ind2=" ">
    <subfield code="0">0</subfield>
    <subfield code="1">0</subfield>
    <subfield code="2">lcc</subfield>
    <subfield code="7">0</subfield>
    <subfield code="a">KABU</subfield>
    <subfield code="b">KABU</subfield>
    <subfield code="d">2022-01-31</subfield>
    <subfield code="g">9670.00</subfield>
    <subfield code="l">0</subfield>
    <subfield code="o">TS1995 .H33 1995 c.1</subfield>
    <subfield code="p">031336</subfield>
    <subfield code="r">2022-01-31 00:00:00</subfield>
    <subfield code="w">2022-01-31</subfield>
    <subfield code="y">BK</subfield>
  </datafield>
  <datafield tag="952" ind1=" " ind2=" ">
    <subfield code="0">0</subfield>
    <subfield code="1">0</subfield>
    <subfield code="2">lcc</subfield>
    <subfield code="7">0</subfield>
    <subfield code="a">KNTC</subfield>
    <subfield code="b">KNTC</subfield>
    <subfield code="d">2022-01-31</subfield>
    <subfield code="g">9670.00</subfield>
    <subfield code="o">TS1995 .H33 1995 c.1</subfield>
    <subfield code="p">031337</subfield>
    <subfield code="r">2022-01-31 00:00:00</subfield>
    <subfield code="w">2022-01-31</subfield>
    <subfield code="y">BK</subfield>
  </datafield>
</record>
